Central Library OPAC University of Rajshahi

Municipal expenditures / (Record no. 5734)

MARC details
000 -LEADER
fixed length control field 00964cam a22002772 4500
001 - CONTROL NUMBER
control field 5734
003 - CONTROL NUMBER IDENTIFIER
rucl marc code BD RJUL
005 - DATE AND TIME OF LATEST TRANSACTION
control field 20211208234122.0
008 - FIXED-LENGTH DATA ELEMENTS--GENERAL INFORMATION
fixed length control field 07 s1930 mdua b 000 0 eng c
035 ## - SYSTEM CONTROL NUMBER
System control number BD RJUL 5773
040 ## - CATALOGING SOURCE
Original cataloging agency Johns Hopkins Univ. Libr.
Transcribing agency CLE
Modifying agency OCL
-- BD RJUL
Language of cataloging eng
041 ## - LANGUAGE CODE
Language code of text/sound track or separate title eng
082 ## - DEWEY DECIMAL CLASSIFICATION NUMBER
Classification number 352.10973
Author mark and year WAM 1930
100 1# - MAIN ENTRY--PERSONAL NAME
Personal name Walker, Mabel L.
Fuller form of name (Mabel Louise),
Dates associated with a name 1898-
9 (RLIN) 17996
245 10 - TITLE STATEMENT
Title Municipal expenditures /
Statement of responsibility, etc. by Mabel L. Walker.
260 ## - PUBLICATION, DISTRIBUTION, ETC. (IMPRINT)
Place of publication, distribution, etc. Baltimore :
Name of publisher, distributor, etc. The Johns Hopkins press,
Date of publication, distribution, etc. 1930.
300 ## - PHYSICAL DESCRIPTION
Pagination ix, 198 p. :
Illustrations ill.
Size 21 cm.
500 ## - GENERAL NOTE
General note Vita.
General note Published also as Johns Hopkins university studies in historical and political science, Extra volumes, new ser., no. 13.
502 ## - DISSERTATION NOTE
Dissertation note Thesis (Ph. D.)--Johns Hopkins university, 1930.
504 ## - BIBLIOGRAPHY, ETC. NOTE
Bibliography, etc Bibliography: p. 183-189.
650 #0 - SUBJECT ADDED ENTRY--TOPICAL TERM
Topical term or geographic name as entry element Municipal finance
Geographic subdivision United States.
9 (RLIN) 17997
Topical term or geographic name as entry element Budget.
9 (RLIN) 17998
942 ## - ADDED ENTRY ELEMENTS (KOHA)
Source of classification or shelving scheme Dewey Decimal Classification
Koha item type Books
Holdings
Lost status Source of classification or shelving scheme Damaged status Not for loan Collection code Permanent Location Current Location Shelving location Date acquired Source of acquisition Cost, normal purchase price Total Checkouts Full call number Date last seen Copy number Koha item type
  Dewey Decimal Classification     Non-fiction Central Library, University of Rajshahi Central Library, University of Rajshahi   08/01/1965 Zeitlinger 18.00   352.10973 WAM 1930 07/01/2014 C-2 Books
  Dewey Decimal Classification     Non-fiction Central Library, University of Rajshahi Central Library, University of Rajshahi   06/01/1965 Zeitlinger 18.00   352.10973 WAM 1930 07/01/2014 C-1 Books
  Dewey Decimal Classification     Non-fiction Central Library, University of Rajshahi Central Library, University of Rajshahi   06/01/1965 Zeitlinger 18.00   352.10973 WAM 1930 08/01/2014 C-7 Books
  Dewey Decimal Classification     Non-fiction Central Library, University of Rajshahi Central Library, University of Rajshahi   06/01/1965 Zeitlinger 18.00   352.10973 WAM 1930 16/08/2016 C-3 Books
  Dewey Decimal Classification     Non-fiction Central Library, University of Rajshahi Central Library, University of Rajshahi   06/01/1965 Zeitlinger 18.00   352.10973 WAM 1930 16/08/2016 C-4 Books
  Dewey Decimal Classification     Non-fiction Central Library, University of Rajshahi Central Library, University of Rajshahi   06/01/1965 Zeitlinger 18.00   352.10973 WAM 1930 16/08/2016 C-5 Books
  Dewey Decimal Classification     Non-fiction Central Library, University of Rajshahi Central Library, University of Rajshahi   06/01/1965 Zeitlinger 18.00   352.10973 WAM 1930 16/08/2016 C-6 Books
  Dewey Decimal Classification     Non-fiction Central Library, University of Rajshahi Central Library, University of Rajshahi   06/01/1965 Zeitlinger 18.00   352.10973 WAM 1930 16/08/2016 C-8 Books
  Dewey Decimal Classification     Non-fiction Central Library, University of Rajshahi Central Library, University of Rajshahi   06/01/1965 Zeitlinger 18.00   352.10973 WAM 1930 20/08/2016 C-9 Books
  Dewey Decimal Classification     Non-fiction Central Library, University of Rajshahi Central Library, University of Rajshahi   06/01/1985 Zuitlinger 18.00   352.10973 WAM 1930 21/08/2016 C-10 Books